[Event "2nd International Chess Festiv"]
[Site "Paracin"]
[Date "2009.08.23"]
[Round "5.1"]
[White "Pancevski, Filip"]
[Black "Martinovic, Slobodan"]
[Result "1-0"]
[WhiteElo "2422"]
[BlackElo "2452"]
[PlyCount "55"]
[EventDate "2009.??.??"]

1. e4 c6 2. d4 d5 3. f3 g6 4. Nc3 Bg7 5. Be3 b6 6. Qd2 Ba6 7. Nge2 e6 8. O-O-O
Nd7 9. g4 Ne7 10. Bg2 b5 11. Ng3 Qa5 12. Kb1 b4 13. Nce2 Bxe2 14. Nxe2 Qb5 15.
Nc1 h5 16. h3 a5 17. Nd3 Rb8 18. e5 c5 19. dxc5 d4 20. Bxd4 Nc6 21. Qe3 Rd8 22.
c3 Ndb8 23. Nf2 bxc3 24. Bxc3 Rxd1+ 25. Rxd1 hxg4 26. Ne4 O-O 27. Nf6+ Kh8 28.
hxg4 1-0

[Event "2nd International Chess Festiv"]
[Site "Paracin"]
[Date "2009.08.23"]
[Round "5.2"]
[White "Zlatanovic, Boroljub"]
[Black "Kasparov, Sergey"]
[Result "1/2-1/2"]
[WhiteElo "2413"]
[BlackElo "2487"]
[PlyCount "41"]
[EventDate "2009.??.??"]

1. e4 e6 2. d4 d5 3. exd5 exd5 4. Bd3 Nf6 5. Nf3 Be7 6. O-O O-O 7. h3 Re8 8.
Re1 Nbd7 9. Bf4 Nf8 10. Nbd2 Ng6 11. Bh2 c6 12. c3 Bf8 13. Rxe8 Nxe8 14. Qc2
Bd6 15. Re1 Bxh2+ 16. Nxh2 Nd6 17. Ndf3 Bd7 18. Ng4 Bxg4 19. hxg4 Qc7 20. Bxg6
hxg6 21. Ne5 1/2-1/2

[Event "2nd International Chess Festiv"]
[Site "Paracin"]
[Date "2009.08.23"]
[Round "5.3"]
[White "Stanojoski, Zvonko"]
[Black "Lazic, Dragoljub"]
[Result "1/2-1/2"]
[WhiteElo "2483"]
[BlackElo "2317"]
[PlyCount "53"]
[EventDate "2009.??.??"]

1. e4 c5 2. Nf3 d6 3. d4 cxd4 4. Nxd4 Nf6 5. Nc3 a6 6. g3 Nc6 7. Bg2 Bd7 8.
Nde2 e6 9. Bf4 Qc7 10. O-O Be7 11. a4 O-O 12. h3 Ne5 13. Nd4 Rab8 14. g4 b5 15.
g5 Ne8 16. axb5 axb5 17. Bc1 b4 18. Nce2 Nc4 19. b3 Nb6 20. f4 d5 21. e5 g6 22.
Be3 Ng7 23. Qd3 Ra8 24. Nb5 Bxb5 25. Qxb5 Nd7 26. Bf2 Nf5 27. Rfc1 1/2-1/2

[Event "2nd International Chess Festiv"]
[Site "Paracin"]
[Date "2009.08.23"]
[Round "5.4"]
[White "Simantsev, Mikhail"]
[Black "Ristic, Nebojsa B"]
[Result "1/2-1/2"]
[WhiteElo "2527"]
[BlackElo "2364"]
[PlyCount "47"]
[EventDate "2009.??.??"]

1. d4 e6 2. c4 Nf6 3. Nc3 Bb4 4. f3 d5 5. a3 Bxc3+ 6. bxc3 c5 7. cxd5 Nxd5 8.
dxc5 Qa5 9. e4 Ne7 10. Be3 O-O 11. Qb3 Qc7 12. Nh3 Nec6 13. Nf4 Na5 14. Qb4
Nbc6 15. Qa4 Bd7 16. Bb5 a6 17. Bxc6 Nxc6 18. O-O Ne5 19. Qb4 Bb5 20. Rfd1 Nc4
21. Bc1 b6 22. c6 Ne5 23. a4 Bxc6 24. Be3 1/2-1/2

[Event "2nd International Chess Festiv"]
[Site "Paracin"]
[Date "2009.??.23"]
[Round "5.5"]
[White "Radlovacki, Jovan"]
[Black "Abramovic, Bosko"]
[Result "0-1"]
[WhiteElo "2380"]
[BlackElo "2465"]
[PlyCount "78"]
[EventDate "2009.??.??"]

1. d4 d5 2. Bf4 c5 3. e3 Nc6 4. c3 Nf6 5. h3 Qb6 6. Qb3 c4 7. Qc2 Bf5 8. Qc1 g6
9. Nd2 Bg7 10. g4 Bd3 11. Bxd3 cxd3 12. Ngf3 h5 13. g5 Nd7 14. Nb3 O-O 15. Qd2
e5 16. dxe5 Ndxe5 17. Nxe5 Bxe5 18. O-O-O Bxf4 19. exf4 d4 20. c4 a5 21. Kb1 a4
22. Nc1 Qc5 23. Nxd3 Qxc4 24. f5 a3 25. Qc2 Qb5 26. fxg6 fxg6 27. b3 Qf5 28.
Rhe1 Rae8 29. h4 Kg7 30. Rxe8 Rxe8 31. Re1 Re4 32. b4 Rxe1+ 33. Nxe1 Nxb4 34.
Qxf5 gxf5 35. Nf3 d3 36. Nd4 Kg6 37. Nf3 b5 38. Ne5+ Kg7 39. Nf3 Nc6 0-1

[Event "2nd International Chess Festiv"]
[Site "Paracin"]
[Date "2009.08.23"]
[Round "5.6"]
[White "Janev, Evgeni"]
[Black "Rossi, Aldo A"]
[Result "1-0"]
[WhiteElo "2461"]
[BlackElo "2311"]
[PlyCount "87"]
[EventDate "2009.??.??"]

1. e4 c5 2. Nf3 d6 3. d4 cxd4 4. Nxd4 Nf6 5. Nc3 g6 6. g3 Bg7 7. Bg2 O-O 8. O-O
Nc6 9. Nde2 Ne5 10. h3 Bd7 11. a4 Rc8 12. Kh2 Qc7 13. f4 Nc4 14. b3 Na5 15. Bd2
Nc6 16. Nb5 Qb6 17. c4 a6 18. Nbc3 Nb4 19. a5 Qc5 20. Na4 Bxa4 21. Rxa4 Nc6 22.
Nc3 e6 23. b4 Qd4 24. c5 dxc5 25. b5 Nb4 26. e5 Nh5 27. bxa6 bxa6 28. Ne4 Rcd8
29. Qc1 Qd7 30. Ra3 Nd3 31. Qc4 f6 32. Rf3 Nb2 33. Qxa6 fxe5 34. fxe5 Bxe5 35.
Bg5 Ra8 36. Qe2 Qc7 37. a6 c4 38. Rxf8+ Rxf8 39. a7 Nxg3 40. Nxg3 Nd3 41. Qg4
Nf2 42. Qxe6+ Kg7 43. a8=Q Rxa8 44. Bxa8 1-0

[Event "2nd International Chess Festiv"]
[Site "Paracin"]
[Date "2009.08.23"]
[Round "5.7"]
[White "Tosic, Miroslav"]
[Black "Popovic, Djordje D"]
[Result "1-0"]
[WhiteElo "2438"]
[BlackElo "2308"]
[PlyCount "110"]
[EventDate "2009.08.19"]

1. d4 Nf6 2. c4 e6 3. g3 c5 4. d5 exd5 5. cxd5 d6 6. Nc3 g6 7. Bg2 Bg7 8. Nf3
O-O 9. O-O a6 10. a4 Re8 11. Bf4 Qc7 12. a5 Nbd7 13. Qa4 Nh5 14. Bd2 Ndf6 15.
h3 Nd7 16. g4 Nhf6 17. Bf4 Rb8 18. g5 Nh5 19. Bh2 Kf8 20. Rac1 Ne5 21. Nd2 b5
22. axb6 Rxb6 23. Qa5 Qb8 24. f4 Nd7 25. Nc4 Rxb2 26. f5 Be5 27. Bxe5 Nxe5 28.
Nxb2 Qxb2 29. fxg6 hxg6 30. Qc7 Qd2 31. Qxd6+ Kg7 32. Qxc5 Ng3 33. Kh2 Nxf1+
34. Rxf1 Bf5 35. d6 Qxg5 36. Qd4 Qf6 37. Kh1 Qe6 38. Rf3 f6 39. Rg3 g5 40. Qa7+
Qd7 41. Qxa6 Re6 42. Nb5 Nf7 43. Bc6 Qd8 44. Nd4 Re5 45. e4 Qxd6 46. Rd3 Qc5
47. Nxf5+ Kg6 48. Qa4 Qc1+ 49. Kg2 Rc5 50. Nd4 Ne5 51. Be8+ Kh7 52. Rd1 Qf4 53.
Qa7+ Kh8 54. Qxc5 Qxe4+ 55. Kf2 Qf4+ 1-0

[Event "2nd International Chess Festiv"]
[Site "Paracin"]
[Date "2009.08.23"]
[Round "5.8"]
[White "Mrkonjic, Nenad"]
[Black "Ivanov, Jordan"]
[Result "1/2-1/2"]
[WhiteElo "2370"]
[BlackElo "2431"]
[PlyCount "69"]
[EventDate "2009.08.19"]

1. e4 c5 2. b3 b6 3. g3 Bb7 4. Bg2 Nf6 5. d3 g6 6. Bb2 Bg7 7. Ne2 O-O 8. O-O d5
9. exd5 Bxd5 10. Nf4 Bxg2 11. Nxg2 Nc6 12. Nd2 Nd4 13. Ne3 Qd7 14. Ne4 Qc6 15.
c3 Ne6 16. Qc2 Rfd8 17. Rad1 Rd7 18. Rfe1 Rad8 19. h4 Nd5 20. Qe2 Nec7 21. Nxd5
Nxd5 22. Qc2 h6 23. Nd2 b5 24. Nf1 b4 25. c4 Nc7 26. Bxg7 Kxg7 27. Ne3 Ne6 28.
Qb2+ Kh7 29. Nd5 Nd4 30. Re4 a5 31. Kf1 f5 32. Rxd4 cxd4 33. Qxd4 Rxd5 34. cxd5
Rxd5 35. Qe3 1/2-1/2

[Event "2nd International Chess Festiv"]
[Site "Paracin"]
[Date "2009.08.23"]
[Round "5.9"]
[White "Markovic, Marko"]
[Black "Maksimovic, Branimir"]
[Result "0-1"]
[WhiteElo "2312"]
[BlackElo "2421"]
[PlyCount "96"]
[EventDate "2009.08.19"]

1. e4 e6 2. d4 d5 3. Nc3 Bb4 4. Nge2 dxe4 5. a3 Bxc3+ 6. Nxc3 Nc6 7. d5 exd5 8.
Qxd5 Qxd5 9. Nxd5 Nd4 10. Nxc7+ Kd8 11. Nxa8 Nxc2+ 12. Kd2 Nxa1 13. Kc3 Be6 14.
Be3 Nf6 15. Bc4 Bxc4 16. Kxc4 Ke7 17. Bc5+ Ke6 18. Nc7+ Ke5 19. Rxa1 Rc8 20.
Bxa7 Rxc7+ 21. Kb5 Rc2 22. b4 Nd5 23. Bc5 f5 24. g3 g5 25. a4 f4 26. gxf4+ gxf4
27. h4 e3 28. fxe3 fxe3 29. Bxe3 Nxe3 30. Rg1 Rc7 31. a5 Nd5 32. h5 Rc6 33. Ka4
Rc4 34. Rg7 Rxb4+ 35. Ka3 Rb5 36. Rxh7 Rxa5+ 37. Kb3 b5 38. h6 b4 39. Rg7 Ra3+
40. Kb2 Rh3 41. h7 Nb6 42. Rb7 Nd5 43. Kc2 Kd4 44. Kd2 Rh2+ 45. Kc1 Kc3 46. Kd1
b3 47. Ke1 b2 48. Kf1 Nb4 0-1

[Event "2nd International Chess Festiv"]
[Site "Paracin"]
[Date "2009.08.23"]
[Round "5.10"]
[White "Solomunovic, Igor"]
[Black "Bojovic, Dusan"]
[Result "0-1"]
[WhiteElo "2421"]
[BlackElo "2286"]
[PlyCount "100"]
[EventDate "2009.08.19"]

1. d4 Nf6 2. Nf3 g6 3. c4 Bg7 4. Nc3 d6 5. Bg5 O-O 6. e3 Nbd7 7. Be2 a6 8. Qc2
c5 9. O-O Qa5 10. Rfd1 Re8 11. h3 cxd4 12. exd4 Qc7 13. b4 b6 14. Qb3 Bb7 15.
d5 Rac8 16. Rac1 Qb8 17. Be3 Qa8 18. Na4 b5 19. Nc3 bxc4 20. Bxc4 Rb8 21. a4
Rec8 22. b5 Nc5 23. Qb4 Nfd7 24. Nd4 Nb6 25. Ba2 axb5 26. axb5 Nca4 27. Nxa4
Qxa4 28. Rxc8+ Rxc8 29. Qxa4 Nxa4 30. Nc6 Ra8 31. Re1 Nc3 32. Bc4 Ra4 33. Nxe7+
Kf8 34. Bf4 Rxc4 35. Bxd6 Re4 36. Nf5+ Kg8 37. Rxe4 Nxe4 38. Ne7+ Kf8 39. Ba3
Ke8 40. Nc6 Kd7 41. Kf1 Bxc6 42. dxc6+ Kc7 43. Bc1 Be5 44. Be3 Nc3 45. f4 Bd6
46. f5 gxf5 47. b6+ Kxc6 48. Bd4 Nd5 49. Ke2 Nxb6 50. Kf3 Nc4 0-1

[Event "2nd International Chess Festiv"]
[Site "Paracin"]
[Date "2009.08.23"]
[Round "5.11"]
[White "Nestorovic, Dejan"]
[Black "Sarenac, David"]
[Result "1-0"]
[WhiteElo "2405"]
[BlackElo "2227"]
[PlyCount "165"]
[EventDate "2009.08.19"]

1. d4 Nf6 2. c4 g6 3. Nc3 d5 4. Nf3 Bg7 5. Bf4 O-O 6. Rc1 c5 7. dxc5 Na6 8.
cxd5 Nxc5 9. Be5 Qa5 10. Qd2 Rd8 11. e4 Bg4 12. Nb5 Qxa2 13. b4 Qxd2+ 14. Nxd2
Na6 15. Bd4 Nxb4 16. Bxa7 Rac8 17. Rxc8 Rxc8 18. f3 Rc1+ 19. Kf2 Bd7 20. Nd4
Ra1 21. Bc5 Nd3+ 22. Bxd3 Rxh1 23. Nf1 Nh5 24. Ne2 f5 25. Bxe7 Be5 26. exf5
gxf5 27. g3 Kf7 28. Bc5 f4 29. g4 Nf6 30. Kg2 Rxf1 31. Kxf1 Nxd5 32. Bxh7 b6
33. Bd4 Bxd4 34. Nxd4 Ne3+ 35. Kf2 Kf6 36. h4 Ke5 37. Nc2 Nd5 38. Bg8 Nf6 39.
Bf7 Ba4 40. Ne1 Bb5 41. g5 Nd7 42. Bg6 Nc5 43. h5 Ne6 44. h6 Nxg5 45. h7 Nxh7
46. Bxh7 Kd4 47. Ng2 Bc6 48. Nxf4 Bxf3 49. Kxf3 b5 50. Ke2 Kc3 51. Kd1 Kb2 52.
Nd3+ Ka3 53. Kc2 b4 54. Bg8 b3+ 55. Kb1 b2 56. Nxb2 Kb4 57. Kc2 Kc5 58. Kc3 Kd6
59. Kd4 Ke7 60. Ke5 Kf8 61. Be6 Kg7 62. Nc4 Kh6 63. Kf5 Kg7 64. Kg5 Kh8 65. Kf6
Kh7 66. Ne5 Kh8 67. Nf7+ Kh7 68. Bf5+ Kg8 69. Be4 Kf8 70. Bh7 Ke8 71. Ne5 Kd8
72. Ke6 Kc7 73. Nd7 Kc6 74. Bd3 Kc7 75. Be4 Kc8 76. Kd6 Kd8 77. Bg6 Kc8 78. Nc5
Kd8 79. Nb7+ Kc8 80. Kc6 Kb8 81. Kb6 Ka8 82. Bf5 Kb8 83. Nc5 1-0

[Event "2nd International Chess Festiv"]
[Site "Paracin"]
[Date "2009.08.23"]
[Round "5.12"]
[White "Ravic, Nenad"]
[Black "Lapcevic, Milos"]
[Result "0-1"]
[WhiteElo "2283"]
[BlackElo "2390"]
[PlyCount "132"]
[EventDate "2009.08.19"]

1. e4 c5 2. Nf3 e6 3. d4 cxd4 4. Nxd4 a6 5. Be2 b5 6. O-O Bb7 7. f4 Nc6 8. Kh1
Nge7 9. Nb3 d6 10. a4 b4 11. f5 Qd7 12. fxe6 fxe6 13. N1d2 Ng6 14. Nc4 Rd8 15.
Bh5 Be7 16. Be3 Bf6 17. Bb6 O-O 18. Bxd8 Rxd8 19. Bxg6 hxg6 20. Qg4 g5 21. Rad1
Qe7 22. Rd2 d5 23. exd5 exd5 24. Re2 Bc8 25. Qh5 Qf8 26. Nb6 Ne7 27. Nxc8 Rxc8
28. Nd4 Qf7 29. Qh3 Rc4 30. Nf5 g4 31. Nxe7+ Qxe7 32. Qd3 Qf7 33. Rfe1 Qh5 34.
Re8+ Kf7 35. Rh8 Qg5 36. Qe2 Re4 37. Qf1 Qf4 38. Rd1 Qxf1+ 39. Rxf1 Re2 40. Rc8
Ke7 41. b3 Kd7 42. Rc5 Kd6 43. Ra5 Rxc2 44. Rxa6+ Kc7 45. Ra5 Kc6 46. Rd1 d4
47. Rb5 Be7 48. Re5 Bf6 49. Ree1 Rc3 50. Rb1 d3 51. Red1 Bg5 52. Kg1 Kd5 53.
Kf2 Bf4 54. a5 Rc2+ 55. Kf1 Kd4 56. a6 Rc7 57. Ra1 Ra7 58. g3 Be3 59. Ra5 Kc3
60. Rd5 Rf7+ 61. Kg2 d2 62. Re5 Kc2 63. Ra1 Bd4 64. Ra2+ Kd3 65. Rxd2+ Kxd2 66.
Re4 Rf2+ 0-1

[Event "2nd International Chess Festiv"]
[Site "Paracin"]
[Date "2009.08.23"]
[Round "5.13"]
[White "Dudukovic, Nikola"]
[Black "Kojovic, Dragan"]
[Result "1/2-1/2"]
[WhiteElo "2260"]
[BlackElo "2373"]
[PlyCount "169"]
[EventDate "2009.08.19"]

1. e4 c5 2. Nc3 Nc6 3. g3 Nf6 4. Bg2 e6 5. Nge2 d5 6. exd5 exd5 7. O-O d4 8.
Ne4 Be7 9. Nf4 O-O 10. d3 Re8 11. Re1 Bf5 12. Nxf6+ Bxf6 13. Rxe8+ Qxe8 14. Nd5
Be5 15. Bf4 Qd7 16. Qe2 f6 17. Bxe5 fxe5 18. c4 dxc3 19. bxc3 Be6 20. Ne3 Rd8
21. Be4 c4 22. Rd1 cxd3 23. Qb2 d2 24. Qc2 h6 25. Nf1 Qf7 26. Rxd2 Rxd2 27.
Nxd2 Qe7 28. Qb2 Qd7 29. a3 Kf8 30. h4 Ke7 31. Kh2 Kd8 32. Nf3 Bd5 33. Qe2 Kc7
34. c4 Bxe4 35. Qxe4 Qd6 36. Qe3 Qe6 37. Qe4 Qe7 38. Qe3 b6 39. Kg2 Qd6 40. Kf1
Qd1+ 41. Kg2 Qd6 42. Kf1 Kb7 43. Kg2 a5 44. Kf1 Qe6 45. Qe4 Kc7 46. Ke1 Qe7 47.
Qe3 Qd6 48. Ke2 Qg6 49. Nxe5 Qh5+ 50. Nf3 Qg4 51. Kd3 Qg6+ 52. Kc3 Qf6+ 53. Nd4
g5 54. hxg5 hxg5 55. f4 g4 56. Qe4 Nxd4 57. Qxd4 Qf8 58. Qe5+ Kb7 59. Qd5+ Ka6
60. Kb3 Ka7 61. Qd7+ Ka6 62. f5 Qh6 63. Qc8+ Ka7 64. Qd7+ Ka6 65. Qc8+ Ka7 66.
Qe6 Qd2 67. Ka4 Ka6 68. Qc8+ Ka7 69. Kb5 Qb2+ 70. Kc6 Qg2+ 71. Kd7 Qxg3 72. f6
Qd3+ 73. Ke8 Qe4+ 74. Kd8 Qd4+ 75. Ke7 Qe4+ 76. Kf8 Qf4 77. f7 g3 78. Qd7+ Ka6
79. Qb5+ Ka7 80. Qd5 Qf2 81. Qd7+ Ka6 82. Qc8+ Ka7 83. Qc7+ Ka6 84. Qc8+ Ka7
85. Qd7+ 1/2-1/2

[Event "2nd International Chess Festiv"]
[Site "Paracin"]
[Date "2009.08.23"]
[Round "5.14"]
[White "Brankovic, Dejan"]
[Black "Nestorovic, Lazar"]
[Result "1-0"]
[WhiteElo "2358"]
[BlackElo "2240"]
[PlyCount "89"]
[EventDate "2009.08.19"]

1. e4 c5 2. Nf3 e6 3. d4 cxd4 4. Nxd4 Nf6 5. Nc3 d6 6. g4 e5 7. Bb5+ Bd7 8.
Bxd7+ Nbxd7 9. Nf5 g6 10. Ng3 h6 11. h4 h5 12. g5 Nh7 13. Be3 Be7 14. Nd5 Nhf8
15. Qd2 Ne6 16. O-O-O Nb6 17. Nxb6 axb6 18. Kb1 Qc7 19. Ne2 O-O 20. Nc3 Qc6 21.
Nd5 Bd8 22. Bxb6 Kh8 23. Bxd8 Rfxd8 24. a3 Ra4 25. Qe3 b5 26. Rhe1 Nc5 27. Qf3
Qe8 28. c3 Ra7 29. Nb4 Rad7 30. Qf6+ Kg8 31. Nc6 Rc8 32. Nb4 Rcd8 33. Nd5 Ra7
34. Re2 Rb7 35. Nb4 Rbd7 36. f3 Nb7 37. Nd5 Nc5 38. f4 Rb7 39. f5 Ra7 40. Nb6
Ra6 41. Rxd6 Rxd6 42. Qxd6 Nb7 43. Qd7 Qb8 44. Nd5 Nc5 45. Qe7 1-0

[Event "2nd International Chess Festiv"]
[Site "Paracin"]
[Date "2009.08.23"]
[Round "5.15"]
[White "Radosavljevic, Slobodan D"]
[Black "Zivkovic, Ivan B"]
[Result "1-0"]
[WhiteElo "2248"]
[BlackElo "2341"]
[Annotator ",compaq"]
[PlyCount "135"]
[EventDate "2009.08.19"]

1. c4 c5 2. g3 g6 3. Bg2 Bg7 4. Nf3 Nc6 5. Nc3 d6 6. a3 e5 7. O-O Nge7 8. b4
O-O 9. Rb1 h6 10. d3 Rb8 11. Qa4 a6 12. b5 axb5 13. Qxb5 b6 14. e3 Qc7 15. Qb3
Be6 16. Bd2 Qd7 17. Nd5 Bxd5 18. cxd5 Na7 19. Bc3 b5 20. Nd2 Rb6 21. a4 Rfb8
22. axb5 Nxb5 23. Ba5 R6b7 24. Qa4 Nc8 25. Rb3 Nca7 $11 26. Rfb1 Bf6 27. h4 Bd8
28. Bxd8 Qxd8 29. Kh2 Qf6 30. Ne4 Qe7 31. Qa6 Rb6 32. Qa5 R6b7 33. Bh3 f5 34.
Nd2 Qf7 35. Bg2 g5 36. hxg5 hxg5 37. g4 fxg4 38. Ne4 Kg7 39. Kg1 Kh6 40. Ng3
Kg7 41. Be4 Kf6 42. Kg2 Qc7 43. Qe1 Rh8 44. Qe2 Rh4 45. Nf5 Qa5 46. Nxh4 gxh4
47. Kh2 Rg7 48. Rg1 Qa4 49. Rxb5 Nxb5 50. Rxg4 Rxg4 51. Qxg4 Nc3 52. Qe6+ Kg7
53. Qg6+ Kf8 54. Qxd6+ Kf7 55. Qe6+ Kf8 56. Qf6+ Kg8 57. Bf5 Nd1 58. Be6+ Kh7
59. Qf7+ Kh6 60. Qf6+ Kh7 61. Qxe5 Qc2 62. Qf5+ Kg7 63. Qf7+ Kh6 64. Qf6+ Kh7
65. Qxh4+ Kg7 66. Qg5+ Kh7 67. Bf5+ Kh8 68. Qh6+ 1-0

[Event "2nd International Chess Festiv"]
[Site "Paracin"]
[Date "2009.08.23"]
[Round "5.16"]
[White "Milenkovic, Mladen"]
[Black "Stefanovic, Vladimir"]
[Result "1-0"]
[WhiteElo "2336"]
[BlackElo "2177"]
[PlyCount "91"]
[EventDate "2009.08.19"]

1. e4 c5 2. Nf3 d6 3. d4 cxd4 4. Nxd4 Nf6 5. Nc3 g6 6. Be3 Bg7 7. f3 O-O 8. Qd2
Nc6 9. O-O-O d5 10. Qe1 e6 11. g4 Re8 12. Nb3 Qc7 13. g5 Nh5 14. Kb1 Qe5 15.
Qf2 dxe4 16. f4 Qc7 17. Nb5 Qb8 18. Be2 b6 19. Nd6 Bb7 20. Nxe8 Qxe8 21. Rhe1
Ne7 22. Bxh5 gxh5 23. Bd4 Bf8 24. Nd2 e3 25. Rxe3 Nf5 26. Ree1 Rc8 27. Ne4 Bxe4
28. Rxe4 Qa4 29. Re2 Qb5 30. Be5 Bb4 31. Qf3 a5 32. Qd3 Qxd3 33. Rxd3 h6 34. c3
Be7 35. gxh6 Kh7 36. Rd7 Kxh6 37. Bc7 Rg8 38. Bxb6 a4 39. Ra7 a3 40. b4 Rb8 41.
Bc7 Rc8 42. b5 Bc5 43. b6 Rg8 44. Ra5 Ne3 45. Rxe3 Bxe3 46. b7 1-0

[Event "2nd International Chess Festiv"]
[Site "Paracin"]
[Date "2009.08.23"]
[Round "5.17"]
[White "Nestorovic, Irena"]
[Black "Popovic, Aleksandar M"]
[Result "0-1"]
[WhiteElo "2038"]
[BlackElo "2300"]
[PlyCount "56"]
[EventDate "2009.08.19"]

1. d4 g6 2. c4 Bg7 3. Nc3 d6 4. Nf3 Nd7 5. e4 e5 6. Bg5 f6 7. Be3 Nh6 8. dxe5
fxe5 9. Qd2 Ng4 10. Bg5 Ngf6 11. h3 Nc5 12. Qc2 Ne6 13. Be3 O-O 14. O-O-O c5
15. Nb5 Nd4 16. Nbxd4 cxd4 17. Bd2 b5 18. Bd3 Ba6 19. cxb5 Rc8 20. Bc4+ d5 21.
exd5 Bxb5 22. b3 Bxc4 23. bxc4 Nxd5 24. Bg5 Qa5 25. Bd2 Qa3+ 26. Kb1 Rb8+ 27.
Ka1 d3 28. Bc1 e4+ 0-1

[Event "2nd International Chess Festiv"]
[Site "Paracin"]
[Date "2009.08.23"]
[Round "5.18"]
[White "Dinic, Dragan"]
[Black "Djuretanovic, Ivan"]
[Result "1-0"]
[WhiteElo "2310"]
[BlackElo "2150"]
[PlyCount "78"]
[EventDate "2009.08.19"]

1. e4 e5 2. Nf3 Nc6 3. Nc3 Nf6 4. Bb5 Bc5 5. O-O d6 6. d4 exd4 7. Nxd4 Bd7 8.
Bxc6 bxc6 9. Bg5 h6 10. Bh4 g5 11. Bg3 Ng4 12. Nxc6 Nxf2 13. Bxf2 Bxf2+ 14.
Rxf2 Bxc6 15. Qd4 Rf8 16. e5 Qd7 17. Rd1 O-O-O 18. Qxa7 Qe6 19. exd6 Rxd6 20.
Rxd6 Qxd6 21. Re2 Qf4 22. Qe3 Qb4 23. Qe7 Qb6+ 24. Kf1 Re8 25. Qxf7 Rxe2 26.
Nxe2 Bb5 27. c4 Bc6 28. b3 Qe3 29. Qf2 Qd3 30. Qg3 Qb1+ 31. Kf2 Qxa2 32. Qh3+
Kb7 33. Qxh6 Qxb3 34. Qxc6+ Kxc6 35. Nd4+ Kc5 36. Nxb3+ Kxc4 37. Na5+ Kb5 38.
Nb7 Kb6 39. Nd8 c5 1-0

[Event "2nd International Chess Festiv"]
[Site "Paracin"]
[Date "2009.08.23"]
[Round "5.19"]
[White "Rajcevic, Stevan"]
[Black "Milosevic, Aleksandar"]
[Result "1/2-1/2"]
[WhiteElo "2146"]
[BlackElo "2280"]
[PlyCount "65"]
[EventDate "2009.08.19"]

1. d4 Nf6 2. c4 e6 3. Nc3 Bb4 4. Qc2 c5 5. dxc5 O-O 6. Nf3 Na6 7. e3 Nxc5 8.
Bd2 d6 9. Be2 e5 10. a3 Bxc3 11. Bxc3 Qe7 12. Nd2 g6 13. f3 Bf5 14. e4 Bd7 15.
b4 Na4 16. Rc1 Nxc3 17. Qxc3 Rac8 18. Qb2 Nh5 19. g3 Qg5 20. Nf1 f5 21. Qd2 f4
22. h4 Qe7 23. g4 Ng7 24. Rd1 Bxg4 25. Qxd6 Qxd6 26. Rxd6 Be6 27. Nd2 Kf7 28.
Kf2 Rfd8 29. Rxd8 Rxd8 30. Rd1 Ke7 31. Ke1 b6 32. Nb1 Rxd1+ 33. Kxd1 1/2-1/2

[Event "2nd International Chess Festiv"]
[Site "Paracin"]
[Date "2009.08.23"]
[Round "5.20"]
[White "Arandjelovic, Aleksandar Z"]
[Black "Djosic, Slavoljub"]
[Result "1/2-1/2"]
[WhiteElo "2113"]
[BlackElo "2258"]
[PlyCount "74"]
[EventDate "2009.08.19"]

1. d4 Nf6 2. c4 e6 3. Nc3 Bb4 4. Bg5 h6 5. Bh4 b6 6. e3 Bb7 7. f3 c5 8. a3
Bxc3+ 9. bxc3 Nc6 10. Bd3 Qe7 11. Ne2 g5 12. Bf2 h5 13. h4 g4 14. e4 d6 15. Qa4
O-O-O 16. Be3 gxf3 17. gxf3 Nd7 18. O-O-O Kb8 19. Bg5 f6 20. Be3 cxd4 21. cxd4
Na5 22. Kb2 Rc8 23. Nf4 Rhg8 24. Rhg1 Rxg1 25. Rxg1 e5 26. Ng6 Qe8 27. Qb4 Ka8
28. Qxd6 Nxc4+ 29. Bxc4 Rxc4 30. Ne7 Nb8 31. Rg8 Qb5+ 32. Ka1 Bc8 33. Rxc8 Rxc8
34. Nxc8 Qf1+ 35. Kb2 Qe2+ 36. Kb1 Qd3+ 37. Kb2 Qe2+ 1/2-1/2

[Event "2nd International Chess Festiv"]
[Site "Paracin"]
[Date "2009.08.23"]
[Round "5.21"]
[White "Dimitrijevic, Radmilo"]
[Black "Grkovic, Milan"]
[Result "1-0"]
[WhiteElo "2228"]
[BlackElo "2137"]
[PlyCount "83"]
[EventDate "2009.08.19"]

1. e4 g6 2. d4 c5 3. Nf3 Bg7 4. Nc3 cxd4 5. Nxd4 Nc6 6. Be3 d6 7. Qd2 Nf6 8. f3
Bd7 9. O-O-O Rc8 10. Kb1 Ne5 11. g4 a6 12. g5 Nh5 13. f4 Nc4 14. Bxc4 Rxc4 15.
f5 Be5 16. b3 Rc5 17. Nd5 e6 18. fxe6 fxe6 19. Nf3 Bg7 20. Bxc5 dxc5 21. Nb6
O-O 22. Nxd7 Rxf3 23. Nf6+ Bxf6 24. Qxd8+ Bxd8 25. Rxd8+ Rf8 26. Rhd1 Nf4 27.
Rxf8+ Kxf8 28. Rd7 Nh3 29. Rxb7 Nxg5 30. Rb6 Ke7 31. e5 h5 32. Rxa6 Nf3 33.
Ra7+ Kd8 34. a4 g5 35. Rg7 g4 36. a5 Kc8 37. a6 Kb8 38. Kb2 Nxh2 39. Ka3 Nf1
40. Ka4 Ne3 41. Ka5 h4 42. a7+ 1-0

[Event "2nd International Chess Festiv"]
[Site "Paracin"]
[Date "2009.08.23"]
[Round "5.22"]
[White "Stojkovic, Miroljub"]
[Black "Blazeka, Matej"]
[Result "1/2-1/2"]
[WhiteElo "2226"]
[BlackElo "2072"]
[PlyCount "132"]
[EventDate "2009.08.19"]

1. d4 Nf6 2. Nf3 g6 3. c4 Bg7 4. Nc3 d6 5. g3 O-O 6. Bg2 Nbd7 7. O-O e5 8. e4
Re8 9. h3 exd4 10. Nxd4 c6 11. Be3 Nc5 12. Qc2 Qe7 13. Rfe1 a5 14. Rad1 Bd7 15.
Bf4 Nh5 16. Nxc6 Bxc6 17. Bxd6 Qe6 18. Bxc5 Qxc4 19. Bb6 a4 20. a3 Re6 21. Bf1
Qb3 22. Qxb3 axb3 23. Bc4 Bxc3 24. bxc3 Rxe4 25. Rxe4 Bxe4 26. Bxb3 Rxa3 27.
Bd5 Nf6 28. Bxe4 Nxe4 29. Rd8+ Kg7 30. Bd4+ Kh6 31. Rc8 b5 32. Kg2 Ra4 33. Rc7
f5 34. h4 Rc4 35. Rf7 g5 36. hxg5+ Kxg5 37. Rg7+ Kh6 38. Rg8 b4 39. Be3+ Kh5
40. cxb4 Rxb4 41. Rg7 h6 42. Ra7 Ng5 43. Ra6 Re4 44. Rf6 Re5 45. Bc1 Rd5 46.
Ra6 Re5 47. Rf6 Rd5 48. Be3 Re5 49. Kf1 Rb5 50. Ke2 Rb2+ 51. Kd3 Rb5 52. Kc4
Ra5 53. Bf4 Ra2 54. Be3 Ra5 55. Bb6 Re5 56. Bd4 Ra5 57. Be3 Re5 58. Bd4 Ra5 59.
Bc3 Ne4 60. Bxa5 Nxf6 61. f3 Kg6 62. Bc7 h5 63. Kd4 Nh7 64. Bd8 f4 65. gxf4 Kf5
66. Ke3 Nf8 1/2-1/2

[Event "2nd International Chess Festiv"]
[Site "Paracin"]
[Date "2009.08.23"]
[Round "5.23"]
[White "Grujic, Nebojsa"]
[Black "Bulatovic, Ilija"]
[Result "1-0"]
[WhiteElo "2214"]
[BlackElo "1975"]
[PlyCount "109"]
[EventDate "2009.08.19"]

1. d4 Nf6 2. c4 c5 3. d5 b5 4. cxb5 a6 5. b6 e6 6. Nc3 Nxd5 7. Nxd5 exd5 8.
Qxd5 Nc6 9. Nf3 Rb8 10. e4 Be7 11. Bc4 O-O 12. O-O Rxb6 13. Ng5 Qe8 14. Qf5
Bxg5 15. Qxg5 d6 16. Qg3 Qxe4 17. Bd3 Qd4 18. h3 Nb4 19. Rd1 Nxd3 20. Rxd3 Qe4
21. Bd2 d5 22. Re1 Rg6 23. Rxe4 Rxg3 24. Rxg3 dxe4 25. Bh6 Be6 26. Bxg7 Rc8 27.
Bf6+ Kf8 28. a3 Rc6 29. Rg5 Bb3 30. Bg7+ Ke7 31. Re5+ Be6 32. Rxe4 Rd6 33. Bc3
Kd7 34. Ra4 Bb3 35. Rf4 Be6 36. Kh2 Kc6 37. g4 Rd3 38. f3 Kb5 39. Kg3 Bd5 40.
h4 Rd1 41. Kf2 Rh1 42. h5 Bb3 43. Ke3 Rd1 44. Rf6 Rd7 45. Kf4 Rd3 46. g5 Bd5
47. Kg4 Be6+ 48. Kg3 Bd5 49. h6 a5 50. Kg4 Be6+ 51. Rxe6 fxe6 52. g6 Rd7 53.
gxh7 Rxh7 54. Kg5 Rf7 55. Bf6 1-0

[Event "2nd International Chess Festiv"]
[Site "Paracin"]
[Date "2009.08.23"]
[Round "5.24"]
[White "Bozilov, Novica"]
[Black "Pantic, Ivica"]
[Result "0-1"]
[WhiteElo "2054"]
[BlackElo "2197"]
[PlyCount "80"]
[EventDate "2009.08.19"]

1. e4 c5 2. Nf3 Nc6 3. d4 cxd4 4. Nxd4 Nf6 5. Nc3 e5 6. Ndb5 d6 7. Bg5 a6 8.
Na3 b5 9. Nd5 Be7 10. Bxf6 Bxf6 11. c4 b4 12. Nc2 Rb8 13. b3 O-O 14. h4 g6 15.
Qd2 a5 16. Nxf6+ Qxf6 17. Rd1 Be6 18. Qh6 Rfd8 19. h5 Qf4 20. Qxf4 exf4 21.
hxg6 hxg6 22. Nd4 Nxd4 23. Rxd4 Kg7 24. Be2 Kf6 25. O-O Ke5 26. Rfd1 Rbc8 27.
g3 g5 28. Kg2 Rc6 29. Bh5 Rc5 30. f3 a4 31. Bg4 axb3 32. axb3 Ra5 33. Bxe6 Ra2+
34. R1d2 Rxd2+ 35. Rxd2 fxe6 36. Ra2 Kd4 37. Ra5 Kc3 38. Rxg5 fxg3 39. c5 d5
40. exd5 exd5 0-1